The Epistle to the Ephesians: (Record no. 451)

000 -LEADER
fixed length control field 00630nam a2200193 a 4500
001 - CONTROL NUMBER
control field :::00013605$&:&@@
003 - CONTROL NUMBER IDENTIFIER
control field OkBaRHE
005 - DATE AND TIME OF LATEST TRANSACTION
control field 20100324121821.0
008 - FIXED-LENGTH DATA ELEMENTS--GENERAL INFORMATION
fixed length control field s1958 j 000 0 eng u
040 ## - CATALOGING SOURCE
Transcribing agency
100 1# - MAIN ENTRY--PERSONAL NAME
Personal name Gerstner, John H.
245 14 - TITLE STATEMENT
Title The Epistle to the Ephesians:
Remainder of title a study manual.
260 ## - PUBLICATION, DISTRIBUTION, ETC. (IMPRINT)
Place of publication, distribution, etc Grand Rapids, MI., :
Name of publisher, distributor, etc Baker Book House
Date of publication, distribution, etc 1958
300 ## - PHYSICAL DESCRIPTION
Extent 84 p. ;
Dimensions 21 cm.
490 0# - SERIES STATEMENT
Series statement Shield Bible study series.
650 ## - SUBJECT ADDED ENTRY--TOPICAL TERM
Topical term or geographic name as entry element Bible New Testament Ephesians
General subdivision Commentaries
942 ## - ADDED ENTRY ELEMENTS (KOHA)
Source of classification or shelving scheme
Koha item type Books
Copies
Koha item type Full call number Date acquired Shelving location Copy number Price effective from Date last seen Lost status Damaged status Not for loan Barcode Collection code Withdrawn status Permanent Location Source of classification or shelving scheme
BooksBS 2695.3 .G42010-04-14General Stacks12010-04-142018-04-03   13605Reference RHEMA Bible Training College